Chicago architecture and design, 1923-1993 : (Record no. 5508)
[ view plain ]
| 000 -LEADER | |
|---|---|
| fixed length control field | 01297nac a22003131u 4500 |
| 003 - CONTROL NUMBER IDENTIFIER | |
| control field | EG-ScBUE |
| 005 - DATE AND TIME OF LATEST TRANSACTION | |
| control field | 20221110025235.0 |
| 008 - FIXED-LENGTH DATA ELEMENTS--GENERAL INFORMATION | |
| fixed length control field | 221110t1993 gw ab f b 001 0 eng d |
| 020 ## - INTERNATIONAL STANDARD BOOK NUMBER | |
| International Standard Book Number | 3791312510 (hcv.) |
| 020 ## - INTERNATIONAL STANDARD BOOK NUMBER | |
| International Standard Book Number | 0865591091 (pbk.) : |
| 035 ## - SYSTEM CONTROL NUMBER | |
| System control number | (OCoLC)28453469 |
| 040 ## - CATALOGING SOURCE | |
| Original cataloging agency | EG-ScBUE |
| Language of cataloging | eng |
| Description conventions | rda |
| Transcribing agency | EG-ScBUE |
| Modifying agency | EG-ScBUE |
| 082 04 - DEWEY DECIMAL CLASSIFICATION NUMBER | |
| Classification number | 720.97731107477 |
| Item number | ZUK |
| Edition number | 22 |
| 245 00 - TITLE STATEMENT | |
| Title | Chicago architecture and design, 1923-1993 : |
| Remainder of title | reconfiguration of an American metropolis / |
| Statement of responsibility, etc | edited by John Zukowsky ; with essays by Mark J. Bouman [and fifteen others] |
| 264 #1 - PUBLICATION, DISTRIBUTION, ETC. (IMPRINT) | |
| Place of publication, distribution, etc | Munich, Germany : |
| Name of publisher, distributor, etc | Prestel, |
| Date of publication, distribution, etc | [1993] |
| 264 #4 - PUBLICATION, DISTRIBUTION, ETC. (IMPRINT) | |
| Date of publication, distribution, etc | c1993 |
| 300 ## - PHYSICAL DESCRIPTION | |
| Extent | 479 pages : |
| Other physical details | illustrations (some color), maps ; |
| Dimensions | 30 cm |
| 500 ## - GENERAL NOTE | |
| General note | Exhibition held at the Art Institute of Chicago, June 12-Aug. 29, 1993. |
| 500 ## - GENERAL NOTE | |
| General note | Companion volume to: Chicago architecture, 1872-1922. |
| 500 ## - GENERAL NOTE | |
| General note | Distributer : Al-Ahram. |
| 504 ## - BIBLIOGRAPHY, ETC. NOTE | |
| Bibliography, etc | Includes bibliographical references and index. |
| 650 #7 - SUBJECT ADDED ENTRY--TOPICAL TERM | |
| Topical term or geographic name as entry element | Architecture |
| Geographic subdivision | Illinois |
| -- | Chicago |
| Chronological subdivision | 20th century |
| Form subdivision | Exhibitions. |
| Source of heading or term | BUEsh |
| 651 #7 - SUBJECT ADDED ENTRY--GEOGRAPHIC NAME | |
| Geographic name | Chicago (Ill.) |
| General subdivision | Buildings, structures, etc. |
| Source of heading or term | BUEsh |
| 653 ## - INDEX TERM--UNCONTROLLED | |
| Resource For college | Engineering, Architecture |
| 655 ## - INDEX TERM--GENRE/FORM | |
| Form subdivision | Reading book |
| 9 (RLIN) | 34232 |
| 700 1# - ADDED ENTRY--PERSONAL NAME | |
| Personal name | Bouman, Mark Jansen, |
| Relator term | author of introduction, etc. |
| 700 1# - ADDED ENTRY--PERSONAL NAME | |
| Personal name | Zukowsky, John, |
| Dates associated with a name | 1948- |
| Relator term | editor. |
| 942 ## - ADDED ENTRY ELEMENTS (KOHA) | |
| Koha item type | Book - Borrowing |
| Source of classification or shelving scheme | Dewey Decimal Classification |
| Withdrawn status | Lost status | Source of classification or shelving scheme | Damaged status | Not for loan | Collection code | Home library | Current library | Shelving location | Date acquired | Source of acquisition | Total Checkouts | Full call number | Barcode | Date last seen | Date checked out | Price effective from | Koha item type |
|---|---|---|---|---|---|---|---|---|---|---|---|---|---|---|---|---|---|
| Dewey Decimal Classification | Alahram | Central Library | Central Library | Second Floor | 30/10/2007 | Purchase | 1 | 720.97731107477 ZUK | 000006583 | 15/07/2025 | 09/12/2015 | 30/10/2007 | Book - Borrowing |